000 00573nam a2200229Ia 4500
003 0100
008 130303s9999 xx 000 0 und d
020 _a0764555030
040 _cARRUPELIB
050 _aBF161.3.C53 2003
100 _aClark, Malcolm
245 _aIslam for dummies
260 _aNew Jersey
260 _bWiley
260 _C2003`
300 _axviii
300 _b 366p. 24cm.
650 _bInformation science--Economic aspects
650 _cInformation science--Philosophy
650 _dInformation science--Politics
942 _2lcc
_01
999 _c60795
_d60795